Marketing a managerial approach

Gorde:
Xehetasun bibliografikoak
Egile nagusia: Cunningham, William H.
Formatua: Liburua
Hizkuntza:ingelesa
Argitaratua: South-Western. 1987.
Edizioa:2ª ed.
Gaiak:
Etiketak: Etiketa erantsi
Etiketarik gabe, Izan zaitez lehena erregistro honi etiketa jartzen!

MARC

LEADER 00000nam a22000005a 4500
001 6507
003 CL-ChBUA
005 20120815102949.0
008 070301s1987 xxu 000 0 eng
020 |a 0538191104 
040 |a CL-ChBUA  |c CL-ChBUA 
082 0 0 |a 658.8 
090 |c 6507  |d 6507 
100 1 |a Cunningham, William H. 
245 1 0 |a Marketing a managerial approach 
250 |a 2ª ed. 
260 |b South-Western.  |c 1987. 
300 |a ix, 811 p.  |c 23 cm. 
504 |a Indice. 
650 4 |a COMERCIALIZACION. 
650 4 |a ADMINISTRACION DE COMERCIALIZACION. 
942 |c LIB 
952 |0 0  |1 0  |4 0  |7 0  |9 9828  |a UNACH  |b UNACH  |c 600  |d 2007-03-05  |i 29.362.  |l 0  |o 658.8 / C 973.  |p 10827  |r 2016-10-06 00:00:00  |u 9828  |w 2012-08-08  |y LIB  |k 658.8 / C 973. 
999 |c 6507  |d 6507